Philippine politics and governance / (Record no. 82651)

MARC details
000 -LEADER
fixed length control field 00626nam a22002057a 4500
003 - CONTROL NUMBER IDENTIFIER
control field URS
005 - DATE AND TIME OF LATEST TRANSACTION
control field 20250424172405.0
008 - FIXED-LENGTH DATA ELEMENTS--GENERAL INFORMATION
fixed length control field 250424b |||||||| |||| 00| 0 eng d
020 ## - INTERNATIONAL STANDARD BOOK NUMBER
International Standard Book Number 9786214271443
040 ## - CATALOGING SOURCE
Transcribing agency URS
050 ## - LIBRARY OF CONGRESS CALL NUMBER
Classification number FIL JC 273 .Sa551 2023
100 ## - MAIN ENTRY--PERSONAL NAME
Relator code author
Personal name Sanchez, Remedios A.
245 ## - TITLE STATEMENT
Title Philippine politics and governance /
Statement of responsibility, etc. Remedios A. Sanchez.
260 ## - PUBLICATION, DISTRIBUTION, ETC.
Place of publication, distribution, etc. Manila, Philippines :
Name of publisher, distributor, etc. Unlimited Books,
Date of publication, distribution, etc. 2023
300 ## - PHYSICAL DESCRIPTION
Extent xii, 280 p ; 20 cm
504 ## - BIBLIOGRAPHY, ETC. NOTE
Bibliography, etc. note Includes bibliographical references.
650 ## - SUBJECT ADDED ENTRY--TOPICAL TERM
Topical term or geographic name entry element Public administration.
650 ## - SUBJECT ADDED ENTRY--TOPICAL TERM
Topical term or geographic name entry element Constitutional law -- Philippines.
942 ## - ADDED ENTRY ELEMENTS (KOHA)
Source of classification or shelving scheme Library of Congress Classification
Koha item type Filipiniana
Holdings
Withdrawn status Source of classification or shelving scheme Damaged status Not for loan Home library Current library Date acquired Source of acquisition Total Checkouts Full call number Barcode Date last seen Price effective from Koha item type
  Library of Congress Classification     Angono College Library Angono College Library 12/12/2024 Library Fund   FIL JC 273 .Sa551 2023 c1 URSANG-7577 04/24/2025 04/24/2025 Filipiniana
  Library of Congress Classification     Angono College Library Angono College Library 12/12/2024     FIL JC 273 .Sa551 2023 c2 URSANG-7578 04/24/2025 04/24/2025 Filipiniana
  Library of Congress Classification     Angono College Library Angono College Library 12/12/2024 Library Fund   FIL JC 273 .Sa551 2023 c3 URSANG-7579 04/24/2025 04/24/2025 Filipiniana

University of Rizal System
Email us at univlibservices@urs.edu.ph

Visit our Website www.urs.edu.ph/library